[Event "Sodingen 2- Brackel 4"]
[Site "?"]
[Date "2023.03.19"]
[Round "6.2"]
[White "Zwielich, Frank"]
[Black "Strack, Patrick"]
[Result "0-1"]
[WhiteElo "2064"]
[BlackElo "1648"]
[Annotator "daniel"]
[PlyCount "80"]
[SourceDate "2022.10.02"]

1. d4 d5 2. Bf4 Nf6 3. e3 c5 4. c3 Nc6 5. Bd3 Qb6 6. Qb3 c4 7. Qxb6 axb6 8. Bc2
b5 9. Na3 b4 10. Nb5 Ra5 11. a4 b3 12. Bd1 $11 Na7 13. Bc7 Ra6 14. Nxa7 Rxa7
15. Bb6 Ra6 16. Bc5 Bd7 17. a5 e6 18. Bb4 Bxb4 19. cxb4 O-O 20. Ne2 b6 21. Nc3
Rfa8 22. Kd2 bxa5 23. bxa5 Rxa5 24. Rxa5 Rxa5 25. Be2 Ne8 26. f4 Nc7 27. g4 f6
28. h4 Na6 29. e4 Nb4 30. exd5 exd5 31. g5 Kf8 32. gxf6 gxf6 33. Rg1 Nc2 34.
Nxd5 Rxd5 35. Bxc4 Rxd4+ 36. Kc3 Rxf4 37. Rg8+ Ke7 38. Rg7+ Kd6 39. Bxb3 Rf3+
40. Kxc2 Bf5+ 0-1

[Event "Sodingen 2- Brackel 4"]
[Site "?"]
[Date "2023.03.19"]
[Round "6.3"]
[White "Gromov, Alexander"]
[Black "Reinholz, Benjamin"]
[Result "0-1"]
[WhiteElo "1796"]
[BlackElo "1938"]
[PlyCount "68"]
[SourceDate "2022.10.02"]

1. e4 e5 2. Nf3 Nc6 3. Bb5 g6 4. O-O Bg7 5. c3 Nge7 6. d4 exd4 7. cxd4 O-O 8.
Be3 d6 9. Nc3 Bg4 10. Be2 h6 11. h3 Bxf3 12. Bxf3 Kh7 13. h4 f5 14. g3 Qd7 15.
Bg2 Rae8 16. Bh3 Qd8 17. h5 fxe4 18. Nxe4 g5 19. Nc3 Kh8 20. Rb1 Nf5 21. Bxf5
Rxf5 22. g4 Rf7 23. Ne2 Qd7 24. Ng3 Ne7 25. Qb3 Ref8 26. Qd1 Rf3 27. Nf5 Nxf5
28. Qxf3 Nxd4 29. Qh3 Nf3+ 30. Kh1 Qc6 31. Qg2 Qd7 32. b3 Nh4 33. Qg3 Rf3 34.
Qh2 Be5 0-1

[Event "Sodingen 2- Brackel 4"]
[Site "?"]
[Date "2023.03.19"]
[Round "6.4"]
[White "Haberhausen, Ansgar"]
[Black "Kaluza, Lucas"]
[Result "1-0"]
[WhiteElo "2136"]
[BlackElo "1764"]
[PlyCount "89"]
[SourceDate "2022.10.02"]

1. d4 Nf6 2. Nf3 d5 3. c4 e6 4. Nc3 c6 5. cxd5 exd5 6. Bg5 Be7 7. e3 Bf5 8. Bd3
Bxd3 9. Qxd3 O-O 10. O-O Nbd7 11. Rab1 a5 12. Rfc1 c5 13. Qb5 b6 14. Ne5 Nxe5
15. dxe5 Ng4 16. Bxe7 Qxe7 17. h3 Nxe5 18. Nxd5 Qg5 19. Nxb6 Nf3+ 20. Kh1 Nh4
21. Qc6 Rab8 22. Rxc5 Rxb6 23. Rxg5 Rxc6 24. g3 Nf3 25. Rxa5 Rfc8 26. Kg2 Nd2
27. Rd1 Rc2 28. Rd5 Rxb2 29. R1xd2 Rbb8 30. a4 Kf8 31. a5 Ra8 32. Rb5 Ra7 33.
Rd6 Ke7 34. Rdb6 Rcc7 35. a6 h6 36. e4 f6 37. Kf3 Kd8 38. Rb8+ Kd7 39. R5b6 Ke7
40. R8b7 Kd8 41. Rxa7 Rxa7 42. Kf4 Ra8 43. Kf5 Ke8 44. f4 Kf8 45. Kg6 1-0

[Event "Sodingen 2- Brackel 4"]
[Site "?"]
[Date "2023.03.19"]
[Round "6.5"]
[White "Vorobyov, Boris"]
[Black "Schriewer, Thomas"]
[Result "1-0"]
[WhiteElo "1683"]
[BlackElo "1957"]
[PlyCount "67"]
[SourceDate "2022.10.02"]

1. d4 d5 2. c4 c6 3. Nc3 Nf6 4. Nf3 e6 5. Bg5 Nbd7 6. e3 Qa5 7. cxd5 Nxd5 8.
Qb3 Bb4 9. Rc1 N7f6 10. Bd3 h6 11. Bh4 b6 12. O-O Nxc3 13. bxc3 Be7 14. Ne5 Bb7
15. h3 Qa3 16. Be2 Qxb3 17. axb3 g5 18. Bg3 c5 19. Bb5+ Kf8 20. f3 Kg7 21. Bc6
Bxc6 22. Nxc6 Bf8 23. Be5 Kg6 24. Ra1 a6 25. Ra2 Rg8 26. Bxf6 Kxf6 27. Ne5 cxd4
28. cxd4 Ke7 29. Rfa1 f6 30. Nc4 b5 31. Nd2 f5 32. Rxa6 Rb8 33. Rc6 Bg7 34.
Ra7+ 1-0

[Event "Sodingen 2- Brackel 4"]
[Site "?"]
[Date "2023.03.19"]
[Round "6.6"]
[White "Lucke, Thomas"]
[Black "Moerchel, Lou"]
[Result "1/2-1/2"]
[WhiteElo "1890"]
[BlackElo "1738"]
[PlyCount "53"]
[SourceDate "2022.10.02"]

1. d4 d5 2. Nf3 Bf5 3. g3 e6 4. c4 c6 5. Bg2 Bd6 6. O-O Nd7 7. Nc3 Ngf6 8. b3
O-O 9. Bb2 Rc8 10. Nd2 Re8 11. e4 dxe4 12. Ndxe4 Nxe4 13. Nxe4 Be7 14. Qe2 Nf6
15. Rad1 Nxe4 16. Bxe4 Bxe4 17. Qxe4 Bf6 18. Qc2 Qb6 19. Rd2 Red8 20. Rfd1 Rc7
21. Bc3 Rcd7 22. Qb2 Qa6 23. a4 b6 24. f4 h6 25. Qc2 Qb7 26. b4 Qc7 27. Kf2
1/2-1/2

[Event "Sodingen 2- Brackel 4"]
[Site "?"]
[Date "2023.03.19"]
[Round "6.7"]
[White "Schmitz, Julian"]
[Black "Baumeister, Christoph"]
[Result "0-1"]
[WhiteElo "1597"]
[BlackElo "1933"]
[PlyCount "78"]
[SourceDate "2022.10.02"]

1. e4 c5 2. d4 cxd4 3. c3 dxc3 4. Nxc3 Nc6 5. Nf3 d6 6. Bc4 e6 7. O-O Be7 8.
Qe2 Nf6 9. Rd1 e5 10. h3 O-O 11. Bg5 Be6 12. Nb5 a6 13. Nc3 Rc8 14. Rac1 Nd4
15. Rxd4 exd4 16. Bxe6 fxe6 17. Nxd4 Qd7 18. Qe3 Rc5 19. Rd1 Ng4 20. hxg4 Bxg5
21. Qg3 Bf4 22. Qd3 Qe7 23. g3 Be5 24. Nb3 Rc7 25. f4 Bxc3 26. bxc3 Rd8 27. Kg2
d5 28. e5 Rdc8 29. Rh1 g6 30. Rc1 b5 31. f5 Qg5 32. fxe6 Qxe5 33. Nd4 Qe4+ 34.
Qxe4 dxe4 35. Re1 Rxc3 36. Rxe4 R3c4 37. e7 Re8 38. Kf3 Kf7 39. Nxb5 axb5 0-1

[Event "Sodingen 2- Brackel 4"]
[Site "?"]
[Date "2023.03.19"]
[Round "6.8"]
[White "Cobanoglu, Ferhat"]
[Black "Bogner, Alexander"]
[Result "1-0"]
[WhiteElo "1859"]
[BlackElo "1317"]
[PlyCount "81"]
[SourceDate "2022.10.02"]

1. e4 e5 2. Nf3 Nc6 3. d3 Nf6 4. Be2 d6 5. c3 Be7 6. b4 a5 7. b5 Nb8 8. a4 Bd7
9. Nbd2 c6 10. d4 exd4 11. Nxd4 O-O 12. O-O Qc7 13. Qb3 Be8 14. Nf5 Bd8 15. Ba3
c5 16. c4 Bd7 17. Ne3 Re8 18. Qd3 Bc8 19. g4 Nbd7 20. f4 h6 21. Nf5 Be7 22. Bb2
Nb6 23. g5 Bxf5 24. gxf6 Bxe4 25. Nxe4 Bxf6 26. Nxf6+ gxf6 27. Bxf6 Re6 28.
Qg3+ Kf8 29. Qg7+ Ke8 30. Qg8+ Kd7 31. Qxf7+ Kc8 32. Qxe6+ Kb8 33. Qe7 Qxe7 34.
Bxe7 Ka7 35. Bxd6 Re8 36. Kf2 Nd7 37. Bf3 b6 38. Rae1 Rd8 39. Re7 h5 40. Rg1 h4
41. Rgg7 1-0

[Event "Altenessen- Kamen 2"]
[Site "?"]
[Date "2023.03.19"]
[Round "6.1"]
[White "Rumpf, Thomas"]
[Black "Praß, Marian"]
[Result "1/2-1/2"]
[WhiteElo "2101"]
[BlackElo "1928"]
[Annotator "daniel"]
[PlyCount "59"]
[SourceDate "2022.10.02"]

1. Nf3 Nf6 2. d4 d5 3. g3 e6 4. Bg2 c5 5. O-O Nc6 6. c3 Be7 7. dxc5 Bxc5 8. b4
Be7 9. Nbd2 O-O 10. Bb2 Bd7 11. Rc1 $11 Rc8 12. Re1 Qc7 13. Qb3 b5 14. Nd4 Ne5
15. f4 Nc4 16. Nxc4 bxc4 17. Qc2 a5 18. a3 axb4 19. axb4 Qb6 20. Bf3 Rc7 21.
Rb1 Bd6 22. Bc1 Ra8 23. Be3 Qb8 24. Rb2 g6 25. Qd2 Ra3 26. Nc2 Ra4 27. Bd4 Ne8
28. e4 dxe4 29. Bxe4 Bb5 30. Qe3 1/2-1/2

[Event "Altenessen- Kamen 2"]
[Site "?"]
[Date "2023.03.19"]
[Round "6.2"]
[White "Rohloff, Markus"]
[Black "Bals, Jochen"]
[Result "0-1"]
[WhiteElo "1880"]
[BlackElo "1907"]
[PlyCount "84"]
[SourceDate "2022.10.02"]

1. e4 c5 2. Nf3 g6 3. d4 cxd4 4. Nxd4 Bg7 5. Nc3 Nc6 6. Be3 Nf6 7. Bc4 O-O 8.
f3 Qb6 9. Qd2 Nxe4 10. fxe4 Bxd4 11. Bxd4 Qxd4 12. Qxd4 Nxd4 13. O-O-O Nc6 14.
h4 d6 15. Be2 Be6 16. g4 h6 17. Nd5 Rac8 18. a3 Rfe8 19. Ne3 Ne5 20. h5 g5 21.
Rhf1 Nc4 22. Bxc4 Bxc4 23. Rf2 Be6 24. Nf5 Bxf5 25. exf5 Rc4 26. f6 Rxg4 27.
fxe7 Rxe7 28. Rxd6 Kg7 29. Rff6 Rd4 30. Rxf7+ Kxf7 31. Rxd4 Kf6 32. c4 Ke5 33.
Rd1 Kf4 34. Rd6 Rh7 35. Rd4+ Kg3 36. Kd1 g4 37. Ke1 Kh4 38. Rd5 Rf7 39. b4 g3
40. Rd2 Kxh5 41. Rd5+ Kg4 42. Rd4+ Kh3 0-1

[Event "Altenessen- Kamen 2"]
[Site "?"]
[Date "2023.03.19"]
[Round "6.3"]
[White "Riemer, Dominik"]
[Black "Kordonowski, Frank"]
[Result "0-1"]
[WhiteElo "1786"]
[BlackElo "2034"]
[PlyCount "92"]
[SourceDate "2022.10.02"]

1. Nf3 Nf6 2. d4 c5 3. c3 e6 4. Bf4 d5 5. e3 Nc6 6. Nbd2 cxd4 7. exd4 Bd6 8.
Bg3 O-O 9. Ne5 Qc7 10. f4 Nd7 11. Qg4 f5 12. Qe2 Nf6 13. Ndf3 Ne4 14. Bf2 Nxe5
15. fxe5 Be7 16. Rd1 Bd7 17. Qc2 b5 18. Bd3 Rac8 19. h4 b4 20. Ng5 bxc3 21. b3
Nxg5 22. hxg5 Bxg5 23. g4 g6 24. Ke2 Qa5 25. a4 Rc7 26. Rdg1 Bd8 27. Rh6 Be8
28. gxf5 exf5 29. Kd1 Rg7 30. Be3 Qb4 31. Rh3 f4 32. Bf2 Bb6 33. e6 Bxd4 34. e7
Rf6 35. Bh4 Re6 36. Rgh1 Qa3 37. Rf1 Qa1+ 38. Qb1 Qxb1+ 39. Bxb1 g5 40. Rd3 Re4
41. Be1 Rgxe7 42. Bxc3 Bh5+ 43. Kc2 Rc7 44. Kb2 Re2+ 45. Bc2 Rxc2+ 46. Kxc2 Bg6
0-1

[Event "Altenessen- Kamen 2"]
[Site "?"]
[Date "2023.03.19"]
[Round "6.4"]
[White "Cavasin, Joerg"]
[Black "Rotter, Chris"]
[Result "0-1"]
[WhiteElo "1885"]
[BlackElo "1726"]
[PlyCount "172"]
[SourceDate "2022.10.02"]

1. c4 e6 2. g3 c5 3. Bg2 Nf6 4. Nf3 Nc6 5. O-O g6 6. d4 cxd4 7. Nxd4 Bg7 8. Nc3
a6 9. Nxc6 bxc6 10. Bf4 d5 11. c5 O-O 12. Qa4 Bb7 13. Rfd1 Qc8 14. Qa5 Nd7 15.
Bd6 Re8 16. e4 Qd8 17. Qb4 Ra7 18. exd5 cxd5 19. Rab1 Bc6 20. Qa3 Qc8 21. Na4
Qb7 22. Rd3 Bf8 23. Rb3 Bb5 24. Bxf8 Rxf8 25. Rc1 Qc7 26. Nc3 Bc4 27. Rb4 Nxc5
28. b3 Nd3 29. bxc4 dxc4 30. Ne4 Qe7 31. Rcxc4 Nxb4 32. Rxb4 a5 33. Rb3 Qxa3
34. Rxa3 Rc8 35. Kf1 Rc2 36. Bf3 f5 37. Ng5 e5 38. Bd5+ Kg7 39. Bb3 Rb2 40.
Ne6+ Kf6 41. Nd8 a4 42. Nc6 Ra6 43. Nb4 Ra8 44. Nd5+ Kg5 45. h4+ Kh6 46. Nb6
axb3 47. Nxa8 Rxa2 48. Rxb3 Rxa8 49. Rb7 e4 50. Re7 Ra6 51. Ke2 Ra2+ 52. Ke3
Ra3+ 53. Ke2 Rb3 54. Kd2 Rb8 55. Ke3 Rd8 56. Ke2 Rg8 57. Ke3 Rg7 58. Re6 Kh5
59. Kf4 Rf7 60. Re5 Kh6 61. Re6 Rf8 62. Re7 Rf6 63. Ke5 Ra6 64. Rb7 Ra5+ 65.
Kd4 Ra3 66. Ke5 Rf3 67. Kf6 Rxf2 68. Kf7 Ra2 69. Re7 Ra4 70. Kg8 Ra8+ 71. Kf7
Kh5 72. Kg7 h6 73. Re5 Ra7+ 74. Kf6 Ra6+ 75. Kg7 Kg4 76. Kxh6 Kxg3 77. Kg5 Kf3
78. h5 gxh5 79. Rxf5+ Ke2 80. Kf4 e3 81. Rxh5 Rf6+ 82. Ke4 Kd2 83. Rd5+ Ke2 84.
Ra5 Kf2 85. Rh5 e2 86. Rh2+ Kf1 0-1

[Event "Altenessen- Kamen 2"]
[Site "?"]
[Date "2023.03.19"]
[Round "6.5"]
[White "Zeitz, Max"]
[Black "Avgustin, Thomas"]
[Result "0-1"]
[WhiteElo "1619"]
[BlackElo "1738"]
[PlyCount "160"]
[SourceDate "2022.10.02"]

1. e4 g6 2. d4 Bg7 3. Nf3 d6 4. Be2 Nf6 5. Nc3 O-O 6. O-O c6 7. Re1 Nbd7 8. Bg5
Qa5 9. Qd2 e5 10. Bh6 Nxe4 11. Nxe4 Qxd2 12. Bxd2 d5 13. Ng3 exd4 14. Bd3 c5
15. c4 dxc3 16. Bxc3 d4 17. Bd2 a5 18. Rac1 b6 19. Be4 Ra7 20. Bf4 Ba6 21. Rcd1
Nf6 22. Bc2 Nd5 23. Bc1 Rd8 24. a3 f6 25. Ne2 Rad7 26. Nexd4 cxd4 27. Nxd4 Nc7
28. Bb3+ Kh8 29. Nf3 Bd3 30. Be3 b5 31. a4 f5 32. Bb6 Bxb2 33. Rxd3 Rxd3 34.
Bxc7 Rc8 35. Rc1 Rxc7 36. Rxc7 Rxb3 37. axb5 Rxb5 38. Ra7 Bf6 39. Kf1 Rd5 40.
Ke2 Bc3 41. h3 Bb4 42. h4 h6 43. Rb7 Rd6 44. Ra7 Kg8 45. Ne5 Re6 46. f4 Bc3 47.
Ra8+ Kg7 48. Ra7+ Kf8 49. Kd3 Bxe5 50. fxe5 Rxe5 51. Ra6 Kf7 52. Ra7+ Kf6 53.
Ra6+ Re6 54. Rxa5 g5 55. hxg5+ Kxg5 56. Ra8 Kf4 57. Ra2 Re3+ 58. Kd4 Re1 59.
Rf2+ Kg4 60. Kd3 f4 61. Kd4 Re3 62. Ra2 Kg3 63. Rb2 h5 64. Ra2 h4 65. Rb2 h3
66. gxh3 Kxh3 67. Rb8 Kg2 68. Rg8+ Kf3 69. Rg7 Ke2 70. Rg2+ Kf3 71. Rg7 Re8 72.
Rf7 Kg3 73. Rg7+ Kf2 74. Rf7 f3 75. Kd3 Kg2 76. Rg7+ Kf1 77. Rf7 f2 78. Kd2 Re4
79. Kd3 Ra4 80. Ke3 Ke1 0-1

[Event "Altenessen- Kamen 2"]
[Site "?"]
[Date "2023.03.19"]
[Round "6.6"]
[White "Drawe, Thomas"]
[Black "Bui, Hoan Tam"]
[Result "1-0"]
[WhiteElo "2069"]
[BlackElo "1606"]
[PlyCount "57"]
[SourceDate "2022.10.02"]

1. c4 c6 2. g3 d5 3. cxd5 cxd5 4. Bg2 Nf6 5. d4 Bf5 6. Nc3 e6 7. Nf3 h6 8. Bd2
Be7 9. O-O O-O 10. Rc1 Nc6 11. a3 Ne4 12. e3 Nxd2 13. Nxd2 Bf6 14. f4 Rc8 15.
Nf3 Qb6 16. b4 Rc7 17. Re1 Rfc8 18. Na4 Qb5 19. Bf1 Nxd4 20. Rxc7 Rxc7 21. Bxb5
Bc2 22. Nxd4 Bxd1 23. Rxd1 a6 24. Be2 b5 25. Nc5 Be7 26. Nxa6 Rc4 27. Bxc4 dxc4
28. Nxb5 g5 29. Rd4 1-0

[Event "Altenessen- Kamen 2"]
[Site "?"]
[Date "2023.03.19"]
[Round "6.7"]
[White "Markert, Dirk"]
[Black "Praßer, Peter"]
[Result "1-0"]
[WhiteElo "1875"]
[BlackElo "1664"]
[Annotator "daniel"]
[PlyCount "71"]
[SourceDate "2022.10.02"]

1. d4 Nf6 2. Bf4 g6 3. Nc3 Bg7 4. e4 d6 5. Qd2 c6 6. O-O-O Nbd7 7. e5 $11 Nh5
8. exd6 e6 9. Bh6 Bxh6 10. Qxh6 Qf6 11. Nh3 Qg7 12. Qe3 Nhf6 13. Be2 h5 14. Kb1
b5 15. Bf3 Nd5 16. Bxd5 cxd5 17. Nxd5 O-O 18. Ne7+ Kh8 19. Ng5 Bb7 20. Rhg1 Nf6
21. f3 Rad8 22. Qf4 Nh7 23. h4 Qf6 24. Qe5 Qxe5 25. dxe5 Nxg5 26. hxg5 Rd7 27.
Rd3 Rfd8 28. Rgd1 Kg7 29. Kc1 Kf8 30. Kd2 a5 31. b3 Ba8 32. c4 bxc4 33. bxc4
Rb8 34. Rb3 Rbd8 35. Kc3 Ke8 36. Rdb1 1-0

[Event "Altenessen- Kamen 2"]
[Site "?"]
[Date "2023.03.19"]
[Round "6.8"]
[White "Birdaini, Becir"]
[Black "Grasse, Herbert"]
[Result "1-0"]
[WhiteElo "1939"]
[BlackElo "1770"]
[PlyCount "51"]
[SourceDate "2022.10.02"]

1. e4 c5 2. Nf3 e6 3. Nc3 Nc6 4. Bb5 Nge7 5. O-O a6 6. Bxc6 Nxc6 7. d3 b5 8.
Re1 Bb7 9. Bf4 Be7 10. Ne5 O-O 11. Nxc6 Bxc6 12. Ne2 f5 13. exf5 Rxf5 14. Qd2
Qf8 15. f3 e5 16. Be3 Rxf3 17. gxf3 Qxf3 18. Ng3 Bh4 19. Rf1 Qg4 20. Qf2 Qg6
21. Qf5 Qd6 22. Qf7+ Kh8 23. Ne4 Bxe4 24. dxe4 Bf6 25. Rad1 Qc6 26. Qd5 1-0

[Event "Brambauer- Winz"]
[Site "?"]
[Date "2023.03.19"]
[Round "6.1"]
[White "Schwake, Peter"]
[Black "Schulz, Hartmut"]
[Result "1/2-1/2"]
[WhiteElo "1852"]
[BlackElo "2039"]
[PlyCount "81"]
[SourceDate "2022.10.02"]

1. e4 c6 2. d4 d5 3. Nc3 dxe4 4. Nxe4 Nf6 5. Nxf6+ gxf6 6. Nf3 Bg4 7. c3 e6 8.
Bd3 Qc7 9. Be3 Nd7 10. Qe2 O-O-O 11. O-O-O Bd6 12. h3 Bh5 13. g4 Bg6 14. h4 Qa5
15. Kb1 Qb5 16. Ka1 Bxd3 17. Qxd3 Qxd3 18. Rxd3 Rhg8 19. g5 f5 20. c4 Bc7 21.
Rhd1 Nb6 22. b3 Rge8 23. Ne5 Bxe5 24. dxe5 Rxd3 25. Rxd3 Nd7 26. f4 c5 27. Bf2
Kc7 28. Kb2 b6 29. Kc2 Nb8 30. Be1 Nc6 31. Bc3 Rd8 32. a3 a5 33. Rxd8 Kxd8 34.
Kd3 Ke7 35. Ke3 Kf8 36. h5 Ke7 37. Kd3 Kd7 38. Ke3 Kc7 39. Kd3 Kb7 40. Ke3 Ka6
41. a4 1/2-1/2

[Event "Brambauer- Winz"]
[Site "?"]
[Date "2023.03.19"]
[Round "6.2"]
[White "Remmler, Volker"]
[Black "Boetzel, Martin"]
[Result "1-0"]
[WhiteElo "2141"]
[BlackElo "1920"]
[PlyCount "77"]
[SourceDate "2022.10.02"]

1. c4 Nf6 2. Nc3 d5 3. cxd5 Nxd5 4. g3 c6 5. Nf3 Nxc3 6. bxc3 Bf5 7. Bg2 e6 8.
d3 Nd7 9. Rb1 Qa5 10. Rxb7 Nc5 11. Rb1 Rd8 12. O-O Nxd3 13. exd3 Bxd3 14. Bd2
Qxa2 15. Ra1 Qb2 16. Nd4 Bc5 17. Bxc6+ Kf8 18. Re1 Bg6 19. Qc1 Qb6 20. Bf3 h6
21. Ra2 Kg8 22. Rb2 Qc7 23. Bf4 Bd6 24. Be3 Qc8 25. Nc6 Rd7 26. Rd2 e5 27. Rxd6
e4 28. Red1 exf3 29. Nxa7 Qe8 30. Rxd7 Qe6 31. Rd8+ Kh7 32. Rxh8+ Kxh8 33. Rd8+
Kh7 34. Rd4 Bf5 35. Qd1 Bg4 36. c4 Qg6 37. c5 Qh5 38. c6 Bh3 39. Rh4 1-0

[Event "Brambauer- Winz"]
[Site "?"]
[Date "2023.03.19"]
[Round "6.3"]
[White "Haupt, Horst- Peter"]
[Black "Koth, Stefan"]
[Result "1/2-1/2"]
[WhiteElo "1706"]
[BlackElo "2126"]
[PlyCount "96"]
[SourceDate "2022.10.02"]

1. e4 c5 2. Nc3 e6 3. Nf3 Nc6 4. d3 d5 5. Be2 d4 6. Nb1 e5 7. O-O Bd6 8. h3
Nge7 9. Nh2 Ng6 10. Bg4 O-O 11. Bxc8 Rxc8 12. c3 Bb8 13. a3 Qd6 14. c4 f5 15.
f3 Bc7 16. Bd2 a6 17. Be1 fxe4 18. dxe4 Nf4 19. Bd2 Qg6 20. Bxf4 Rxf4 21. Nd2
Rcf8 22. Rb1 a5 23. Nb3 b6 24. Nc1 Bd8 25. Nd3 Rh4 26. Kh1 Bg5 27. Qe1 Rh5 28.
Ng4 Bf4 29. Nxf4 exf4 30. Rg1 Rg5 31. Qf1 h5 32. Nf2 Qe6 33. b3 Rg3 34. Nd3 Rf6
35. Rb2 a4 36. bxa4 Na5 37. Rc2 Kh7 38. Qe1 h4 39. Nxc5 bxc5 40. Qxa5 Rfg6 41.
Kh2 Qe5 42. Qd2 Qg5 43. Rcc1 Qe5 44. Rb1 Qg5 45. a5 Kh6 46. Qf2 Qd8 47. Qd2 Qg5
48. Qf2 Qd8 1/2-1/2

[Event "Brambauer- Winz"]
[Site "?"]
[Date "2023.03.19"]
[Round "6.5"]
[White "Franke, Wolfgang"]
[Black "Zimmermann, Dirk"]
[Result "1/2-1/2"]
[WhiteElo "1809"]
[BlackElo "1880"]
[PlyCount "54"]
[SourceDate "2022.10.02"]

1. d4 Nf6 2. Nc3 g6 3. e4 d6 4. Bg5 c6 5. Qd2 Qa5 6. O-O-O Nbd7 7. f4 h6 8. Bh4
b5 9. e5 b4 10. Nb1 Ne4 11. Qe3 d5 12. e6 fxe6 13. Bd3 Ndf6 14. Bxf6 exf6 15.
Bxe4 dxe4 16. Qxe4 Kf7 17. Qxc6 Rb8 18. d5 exd5 19. Rxd5 Qb6 20. Qxb6 Rxb6 21.
Nf3 Bd6 22. Ra5 Bxf4+ 23. Nbd2 a6 24. g3 Be3 25. Kb1 Bxd2 26. Nxd2 Bf5 27. Rc5
Rc8 1/2-1/2

[Event "Brambauer- Winz"]
[Site "?"]
[Date "2023.03.19"]
[Round "6.6"]
[White "Jochmann, Christian"]
[Black "Sueßmann, Holger"]
[Result "1/2-1/2"]
[WhiteElo "1995"]
[BlackElo "1595"]
[Annotator "daniel"]
[PlyCount "105"]
[SourceDate "2022.10.02"]

1. e4 c5 2. g3 d6 3. Bg2 Nf6 4. Nc3 a6 5. d3 Nc6 6. f4 Qc7 7. Nf3 e6 8. O-O Be7
9. h3 O-O 10. g4 Re8 11. f5 exf5 12. gxf5 Bd7 13. Bg5 Rac8 14. Qd2 b5 15. a3 b4
16. axb4 cxb4 17. Ne2 a5 18. c3 d5 19. Nfd4 dxe4 20. dxe4 Nxd4 21. cxd4 Qc2 $11
22. Rfc1 Qxd2 23. Bxd2 Rxc1+ 24. Rxc1 Rc8 25. Rxc8+ Bxc8 26. e5 Ne8 27. Be4 f6
28. Kf2 g6 29. fxg6 hxg6 30. Bxg6 Ng7 31. Nf4 fxe5 32. dxe5 Ne6 33. Be4 Nxf4
34. Bxf4 Bxh3 35. Bd5+ Kg7 36. Ke3 Bc5+ 37. Kd2 Bd4 38. b3 Kf8 39. Kd3 Bb6 40.
Be3 Bf1+ 41. Kd2 Bc7 42. Bc5+ Ke8 43. e6 Bb5 44. Ke3 Bd8 45. Ke4 Be7 46. Kd4
Bf6+ 47. Ke4 Be7 48. Bb6 Bd8 49. Bc5 Be7 50. Kd4 a4 51. Bxe7 Kxe7 52. bxa4 Bxa4
53. Kd3 1/2-1/2

[Event "Brambauer- Winz"]
[Site "?"]
[Date "2023.03.19"]
[Round "6.7"]
[White "Kotzem, Ernst"]
[Black "Czeratzki, Michael"]
[Result "1/2-1/2"]
[WhiteElo "2025"]
[BlackElo "2029"]
[PlyCount "90"]
[SourceDate "2022.10.02"]

1. e4 e6 2. d4 d5 3. e5 c5 4. Nf3 cxd4 5. Nxd4 Nc6 6. Bb5 Bd7 7. Bxc6 bxc6 8.
O-O Ne7 9. Bg5 Qb6 10. b3 Ng6 11. Nf3 h6 12. Be3 c5 13. c3 Qc7 14. Re1 Bc6 15.
Nbd2 Rd8 16. Qc2 Be7 17. Rac1 O-O 18. b4 Ba8 19. Bxc5 Bxc5 20. bxc5 Qxc5 21.
Nb3 Qc7 22. Nbd4 Rb8 23. h4 Ne7 24. g4 Qd7 25. h5 g6 26. Kh1 Kg7 27. g5 hxg5
28. Nxg5 Rh8 29. Qd2 Rxh5+ 30. Kg2 Nc6 31. Qf4 Qe7 32. Ndf3 d4 33. Rh1 Rbh8 34.
Rxh5 Rxh5 35. Rh1 Rxh1 36. Kxh1 dxc3 37. Qh4 Nxe5 38. Qh7+ Kf6 39. Qh8+ Kf5 40.
Qxe5+ Kg4 41. Qg3+ Kf5 42. Qh3+ Kf4 43. Qg3+ Kf5 44. Qh3+ Kf4 45. Qg3+ Kf5
1/2-1/2

[Event "Brambauer- Winz"]
[Site "?"]
[Date "2023.03.19"]
[Round "6.8"]
[White "Bracht, Michael"]
[Black "Wesener, Joern"]
[Result "1-0"]
[WhiteElo "1892"]
[BlackElo "1334"]
[PlyCount "81"]
[SourceDate "2022.10.02"]

1. d4 d5 2. Nf3 Nf6 3. Bf4 e6 4. e3 c5 5. c3 c4 6. b3 b5 7. a4 Qa5 8. b4 Qa6 9.
Nbd2 Be7 10. Be2 O-O 11. O-O Bd7 12. Ne5 Qb7 13. axb5 Bxb5 14. Qc2 Nc6 15. Nxc6
Bxc6 16. Ra2 Qd7 17. Rfa1 Bb5 18. Bf3 a6 19. e4 dxe4 20. Nxe4 Nd5 21. Qc1 h6
22. Nc5 Qc8 23. Bxd5 exd5 24. Qe3 Re8 25. Qf3 Qc6 26. h3 Bf6 27. Qg4 Bd8 28.
Be5 Bf6 29. f4 Ra7 30. Qf5 Bd8 31. Qg4 Bf6 32. Re2 Rae7 33. Rae1 Bxe5 34. dxe5
a5 35. f5 f6 36. Ne6 axb4 37. exf6 Qb6+ 38. Kh1 Qb7 39. fxe7 Rxe7 40. f6 Rxe6
41. Qxe6+ 1-0

[Event "Borbeck 2- Bochum 2"]
[Site "?"]
[Date "2023.03.19"]
[Round "6.1"]
[White "Butschek, Marc"]
[Black "Kindermann, Carsten"]
[Result "1/2-1/2"]
[WhiteElo "1971"]
[BlackElo "1924"]
[PlyCount "50"]
[SourceDate "2022.10.02"]

1. e4 e6 2. d4 d5 3. e5 b6 4. Bb5+ c6 5. Ba4 Ba6 6. Be3 b5 7. Bb3 c5 8. c3 Nc6
9. Nf3 Qc7 10. Nbd2 f6 11. exf6 Nxf6 12. Qe2 c4 13. Bc2 Bc8 14. Bg5 Bd6 15. Bh4
O-O 16. Bg3 Bd7 17. O-O-O b4 18. Nb1 Bf4+ 19. Bxf4 Qxf4+ 20. Qe3 Qxe3+ 21. fxe3
Rae8 22. Nbd2 bxc3 23. bxc3 e5 24. dxe5 Nxe5 25. Nxe5 Rxe5 1/2-1/2

[Event "Borbeck 2- Bochum 2"]
[Site "?"]
[Date "2023.03.19"]
[Round "6.2"]
[White "Sanders, Cedric"]
[Black "Stachnik, Adam"]
[Result "1/2-1/2"]
[WhiteElo "1767"]
[BlackElo "2103"]
[PlyCount "54"]
[SourceDate "2022.10.02"]

1. c4 Nf6 2. Nc3 c5 3. g3 e6 4. Bg2 Be7 5. e3 O-O 6. Nge2 a6 7. O-O Qc7 8. b3
d6 9. d4 Nbd7 10. d5 Ne5 11. f4 Ng6 12. e4 exd5 13. Nxd5 Nxd5 14. Qxd5 Bd7 15.
a4 Bf6 16. Ra2 Bc6 17. Qd3 Rab8 18. Bb2 Bxb2 19. Rxb2 b5 20. axb5 axb5 21. Rfb1
b4 22. Rd2 Rbd8 23. Kf2 Rfe8 24. Ng1 Qb7 25. Re1 Nf8 26. Bf3 Ne6 27. Ne2 Nf8
1/2-1/2

[Event "Borbeck 2- Bochum 2"]
[Site "?"]
[Date "2023.03.19"]
[Round "6.3"]
[White "Hofmann, Benjamin"]
[Black "Dippel, Olaf"]
[Result "1-0"]
[WhiteElo "1676"]
[BlackElo "1765"]
[PlyCount "55"]
[SourceDate "2022.10.02"]

1. e4 c6 2. d4 d5 3. Nc3 dxe4 4. Nxe4 Bf5 5. Ng3 Bg6 6. Nf3 e6 7. Be2 Nf6 8.
O-O Nbd7 9. Re1 Be7 10. Nh4 Qc7 11. Bf3 O-O-O 12. c3 Nc5 13. Nxg6 hxg6 14. b4
Ncd7 15. Qb3 Nh5 16. Nxh5 gxh5 17. a4 g5 18. b5 g4 19. Be2 Bd6 20. bxc6 Qxc6
21. Ba3 Nb6 22. a5 Nd5 23. Bb5 Qc7 24. Bxd6 Qxd6 25. Ra4 Nc7 26. Rc4 Kb8 27.
Bc6 b6 28. axb6 1-0

[Event "Borbeck 2- Bochum 2"]
[Site "?"]
[Date "2023.03.19"]
[Round "6.4"]
[White "Braun, Joshua"]
[Black "Walny, Benjamin"]
[Result "1/2-1/2"]
[WhiteElo "1613"]
[BlackElo "1806"]
[PlyCount "106"]
[SourceDate "2022.10.02"]

1. e4 c6 2. d4 d5 3. exd5 cxd5 4. Nf3 Bf5 5. Bb5+ Nd7 6. O-O a6 7. Bd3 Bxd3 8.
Qxd3 e6 9. Nc3 Bd6 10. Ne2 Ngf6 11. Bg5 O-O 12. h3 Qc7 13. Rac1 b5 14. Bh4 Rfc8
15. c3 h6 16. Bg3 Ne4 17. Bxd6 Nxd6 18. Nh2 Qc4 19. Qxc4 bxc4 20. b4 cxb3 21.
axb3 Rab8 22. b4 Nb5 23. f4 Nf6 24. f5 Ne4 25. fxe6 fxe6 26. Rf3 Rc7 27. Ra1
Rb6 28. Ng4 Nbxc3 29. Nxc3 Rxc3 30. Rxc3 Nxc3 31. Kf2 Rxb4 32. Rxa6 Rxd4 33.
Rxe6 Rd2+ 34. Kf3 Kf7 35. Rc6 d4 36. Ne5+ Ke7 37. Ng6+ Ke8 38. Ne5 Rd1 39. Rc7
Rf1+ 40. Kg4 Rf2 41. g3 h5+ 42. Kg5 Ne4+ 43. Kg6 Nxg3 44. Kxg7 Rf5 45. Nc6 Rg5+
46. Kf6 Ne4+ 47. Ke6 Nc5+ 48. Kf6 Ne4+ 49. Ke6 Nc5+ 50. Kf6 Rd5 51. Re7+ Kf8
52. Rf7+ Ke8 53. Re7+ Kf8 1/2-1/2

[Event "Borbeck 2- Bochum 2"]
[Site "?"]
[Date "2023.03.19"]
[Round "6.5"]
[White "Gausmann, Thomas"]
[Black "Kalkhoff, Thomas"]
[Result "1-0"]
[WhiteElo "1705"]
[BlackElo "1887"]
[PlyCount "33"]
[SourceDate "2022.10.02"]

1. e4 e5 2. Nf3 Nc6 3. Nc3 Nf6 4. d4 exd4 5. Nxd4 Bb4 6. Nxc6 bxc6 7. Bd3 O-O
8. O-O d6 9. Bg5 h6 10. Bh4 Re8 11. f4 Bc5+ 12. Kh1 Bd7 13. Qf3 Qc8 14. Bxf6
gxf6 15. Qh5 Kh7 16. Qxf7+ Kh8 17. Qxf6+ 1-0